000 00329 a2200085 4500
020 _a9781568986852
100 _aChristian Werthmann
245 _aGreen Roof: A Case Study: Michael Van Valkenburgh Associates' Design For the Headquarters of the American Society of Landscape Architects
260 _b Princeton Architectural Press
_c2007
999 _c13292
_d13292